000 00791nam a2200265Ia 4500
003 OSt
005 20220923224719.0
006 a|||||r|||| 00| 0
007 ta
008 220922b |||||||| |||| 00| 0 hin d
024 _a249,014
037 _cTextual
040 _aARTS
_cARTS
_bhin
041 _2hin
_ahin
082 _aO15,1D40,2:, F8
100 _aकालीदास
_9156280
245 0 _aरघुवंशम
246 _aRaghuvanshama
260 _aमुम्बई
_b गुजरात प्रिंटिग प्रैस
_c1928
300 _a276पृ.
_ccm.
490 _aFYUP DC-1 SAN
650 _aसंस्कृत साहित्य
942 _hO15,1D40,2:, F8
_cTEXL
_2CC
999 _c373147
_d373147